| 000 | 04532nam a2200433 a 4500 | ||
|---|---|---|---|
| 001 | dia_6567 | ||
| 003 | CHAP | ||
| 005 | 20240813102008.0 | ||
| 007 | ta | ||
| 008 | 220117s2017 mx abd frm 001 0 spa d | ||
| 010 | _a177550 | ||
| 040 |
_amxchpua _cCHAP |
||
| 041 | 0 |
_aspa _beng |
|
| 090 |
_aTesis _bS263 _c2017 |
||
| 100 | _aSánchez de la Rosa, Valeria | ||
| 240 | 1 | 0 |
_aDevelopment of a peanut butter (Arachis hypogaea L.) low in fat. _lEspañol |
| 245 | 1 | 0 |
_aDesarrollo de una mantequilla de cacahuate (Arachis hypogaea L.) baja en grasa / _cValeria Sánchez de la Rosa |
| 264 |
_aChapingo, México : _bEl autor, _c2017 |
||
| 300 |
_a65 hojas : _bilustraciones, tablas, gráficas, mapas |
||
| 336 |
_2rdacontent _atexto _btxt |
||
| 337 |
_2rdamedia _ano mediado _bn |
||
| 338 |
_2rdacarrier _avolumen _bnc |
||
| 502 |
_aTesis _b(Ingeniero Agroindustrial) -- _cUACh. Departamento de Ingeniería Agroindustrial, _d2017 |
||
| 504 | _aBibliografía: hojas 52-64 | ||
| 520 | 3 | _aCada día las exigencias de los consumidores se dirigen más a la búsqueda de nuevos productos que puedan proporcionar además del valor nutritivo, otros compuestos con actividad fisiológica que permitan un mejor estado tanto físico como mental, reduciendo el riesgo de enfermedades crono degenerativas, para mantener la salud (Cortés et al., 2005). Las proteínas del lactosuero han cobrado importancia en la industria alimentaria por presentar interesantes propiedades funcionales y tecnológicas (emulsionantes, gelificantes, espumantes, etc.) además de su alto valor nutritivo (Díaz et al., 2009). En la presente investigación se estudió el efecto de la incorporación del aislado de proteína de lactosuero (WPI: Whey Protein Isolate) en la formulación de una mantequilla de cacahuate con bajo contenido graso y se estudiaron las propiedades físico- químicas y sensoriales, sustituyéndose al 3.6, 10, 15 y 20 % (p / p). A todos los tratamientos (M0A1.8L, M1.8A0L, M3.6WPI, M10WPI, M15WPI, M 20WPI) junto con el control (MC1.8 A1.8 L) se les determino el análisis proximal (proteína, grasa, humedad, cenizas), análisis instrumental de textura (TPA) y evaluación sensorial. Todos los tratamientos difirieron (p ? 0.05) en el análisis proximal, dependiendo del grado de sustitución de WPI. Las mantequillas de cacahuate con WPI mostraron características texturales similares a las exhibidas por el control. El tratamiento M10WPI, mostro el mayor nivel de aceptación por parte del consumidor. | |
| 520 | 3 | _a Every day the demands of consumers are directed to the search of new products that can provide in addition to the nutritional value, other compounds with physiological activity that offers better physical and mental state to the consumer, reducing the risk of chrono degenerative diseases (Cortés et al., 2005). Whey proteins have gained importance in the food industry because they present interesting functional and technological properties (emulsifiers, gelling agents, foaming agents, etc.) as well as their high nutritional value. (Díaz et al., 2009). In the present research the effect of the incorporation of the whey protein isolate (WPI: Whey Protein Isolate) in the formulation of a low fat peanut butter and the physicochemical and the sensory properties were studied, substituting 3.6, 10, 15 and 20 % (w / w). For all treatments (M0A1.8L, M1.8A0L, M3.6WPI, M10WPI, M15WPI, M 20WPI) and the control (MC1.8 A1.8 L) proximal analysis (protein, fat, moisture, ashes), instrumental texture analysis (TPA) and sensory evaluation were determied. All treatments differed (p ? 0.05) in the proximal analysis, depending on the degree of WPI substitution. The peanut butters with WPI showed textural characteristics similar to those exhibited by the control. The M10WPI treatment, showed the highest level of acceptance by the consumer. | |
| 650 | 1 | 3 |
_aMantequilla de maní _xPropiedades sensoriales _2atg |
| 650 | 1 | 3 |
_aMantequilla de maní _xPropiedades fisicoquímicas _2atg |
| 650 | 1 | 3 |
_aPeanut butter _xPhysicochemical properties _2atg |
| 650 | 1 | 3 |
_aPeanut butter _xSensory properties _2atg |
| 700 | 1 |
_aRamírez Santiago, César _edirector |
|
| 700 | 1 |
_aHernández Rodríguez, Landy _easesor |
|
| 700 | 1 |
_aVelázquez Varela, José _easesor |
|
| 856 | 4 | 1 |
_uhttp://10.13.5.2/tesis/sist113855.pdf _yDESCARGAR PDF |
| 901 | _aTESIS S263 2017 | ||
| 902 | _aM | ||
| 905 | _a5232272017 mx nml 8223123322spa16 | ||
| 942 |
_cTESIS _2Clasificación Universidad Autónoma Chapingo |
||
| 999 |
_c177550 _d177550 |
||